000 00388nam a2200133Ia 4500
008 151001s9999||||xx |||||||||||||| ||und||
100 _aपाटील आप्पासाहेब
245 _aप्रीतीगंध
250 _a1
260 _bगुलमोहर प्रकाशन सातारा
260 _c1985
300 _a128
365 _b18
999 _c964628
_d964625